Dragon in the Kremlin ; a report on the Russian-Chinese alliance.

Bibliographic Details
Main Author: Kalb, Marvin L.
Format: Book
Language:English
Published: New York : Dutton, [1961]
Edition:[1st ed.].
Subjects:

MARC

Tag First Indicator Second Indicator Subfields
LEADER 00000cam a2200000 4500
001 in00000060330
005 20151007082533.0
008 720913s1961 nyu 00000 eng
010 |a  61006004  
035 |a (OCoLC)00405736 
035 |9 AAF8026AM 
040 |a DLC  |c WSU  |d OCL  |d TXA  |d UtOrBLW 
049 |a TXAM  |c [331557] 
050 0 0 |a DK68.7.C5  |b K22 
082 0 |a 327.47051 
092 |a 327.51  |b K14d 
100 1 |a Kalb, Marvin L. 
245 1 0 |a Dragon in the Kremlin ;  |b a report on the Russian-Chinese alliance. 
250 |a [1st ed.]. 
264 1 |a New York :  |b Dutton,  |c [1961] 
300 |a 258 pages ;  |c 21 cm. 
336 |a text  |b txt  |2 rdacontent 
337 |a unmediated  |b n  |2 rdamedia 
338 |a volume  |b nc  |2 rdacarrier 
651 0 |a Soviet Union  |x Foreign relations  |z China. 
651 0 |a China  |x Foreign relations  |z Soviet Union. 
999 |a MARS 
999 f f |s cfd0ccbc-337f-3e59-966c-104aa988ae84  |i 6abd4dda-17e5-3920-b804-7d2f4a8b1ab2  |t 0 
952 f f |p ric  |a Texas A&M University  |b Rellis Campus  |c Joint Library Facility  |d Remote Storage  |t 0  |e DK68.7.C5 K22  |h Library of Congress classification  |i unmediated -- volume  |m A14800676230 
998 f f |a DK68.7.C5 K22  |t 0  |l Remote Storage